Κατάλογος Βιβλιοθηκών Mediterranean College

Όλο το φως που δεν μπορούμε να δούμε : (Record no. 10070)

MARC details
000 -LEADER
fixed length control field 03402nam a22002177a 4500
003 - ΤΑΥΤΟΤΗΤΑ ΤΟΥ ΑΡΙΘΜΟΥ ΕΛΕΓΧΟΥ
Πεδίο ελέγχου GR-AtMCL
005 - ΗΜΕΡΟΜΗΝΙΑ ΚΑΙ ΩΡΑ ΤΕΛΕΥΤΑΙΑΣ ΕΝΗΜΕΡΩΣΗΣ
Πεδίο ελέγχου 20260120111509.0
006 - FIXED-LENGTH DATA ELEMENTS--ADDITIONAL MATERIAL CHARACTERISTICS
Πεδίο ελέγχου σταθερού μήκους a|||||r|||||||||||
008 - FIXED-LENGTH DATA ELEMENTS--GENERAL INFORMATION
Πεδίο ελέγχου σταθερού μήκους s2014||||gr g ||| gre d
020 ## - ISBN
ISBN 9789601663807
040 ## - ΠΗΓΗ ΚΑΤΑΛΟΓΟΓΡΑΦΗΣΗΣ
Γλώσσα καταλογογράφησης Ελληνικά, Μοντέρνα (1453-)
Φορέας πρωτότυπης καταλογογράφησης MC Athens Campus Library
Modifying agency MC Athens Campus Library
Κανόνες περιγραφικής καταλογογράφησης AACR2
041 1# - ΓΛΩΣΣΑ
Κωδικός γλώσσας πρωτότυπου Αγγλικά
245 00 - ΤΙΤΛΟΣ ΚΑΙ ΔΗΛΩΣΗ ΥΠΕΥΘΥΝΟΤΗΤΑΣ
Τίτλος Όλο το φως που δεν μπορούμε να δούμε :
Remainder of title μυθιστόρημα /
Statement of responsibility, etc. Άντονυ Ντορ ; μετάφραση από τα αγγλικά Νίνα Μπούρη
260 ## - PUBLICATION, DISTRIBUTION, ETC.
Place of publication, distribution, etc. Αθήνα :
Name of publisher, distributor, etc. Πατάκης,
Date of publication, distribution, etc. 2016
300 ## - PHYSICAL DESCRIPTION
Extent 637 σ.
500 ## - GENERAL NOTE
Γενική σημείωση Τίτλος πρωτοτύπου: All the light we cannot see
520 ## - SUMMARY, ETC.
Summary, etc. Η Μαρί Λορ Λεμπλάν ζει με τον πατέρα της στο Παρίσι, σε απόσταση αναπνοής από το Μουσείο Φυσικής Ιστορίας, όπου εκείνος εργάζεται ως κλειθροποιός. Στα έξι της χρόνια τυφλώνεται κι ο πατέρας της φτιάχνει την τέλεια μινιατούρα της γειτονιάς τους για να της μάθει τον δρόμο για το σπίτι τους. Όταν εισβάλλουν οι Γερμανοί στη χώρα, τον Ιούνιο του 1940, πατέρας και κόρη φεύγουν για το Σαιν Μαλό, μεταφέροντας ένα επικίνδυνο μυστικό. Ο Βέρνερ Πφέννιχ είναι ένα ορφανό αγόρι από τη Γερμανία που προορίζεται να δουλέψει στο ίδιο ανθρακωρυχείο που σκοτώθηκε ο πατέρας του. Όμως βρίσκει και επιδιορθώνει ένα χαλασμένο ραδιόφωνο και ξαφνικά η ζωή του γεμίζει καινούριες δυνατότητες. Χάρη στο ταλέντο του κερδίζει μια θέση σε μια από τις καλύτερες στρατιωτικές ακαδημίες, μπορεί όμως να κυνηγήσει το όνειρό του όποιο κι αν είναι το τίμημα; Εκατοντάδες χιλιόμετρα μακριά, σε μια οχυρωμένη πόλη δίπλα στη θάλασσα, ένας γέρος ακούει μια φωνή χαμένη από καιρό και ανακαλύπτει νέους κόσμους χωρίς ποτέ να βγαίνει από το σπίτι του. Αλλά ο επικείμενος κίνδυνος δε θα του επιτρέψει να μείνει κλεισμένος μέσα για πάντα. Με φόντο μια Ευρώπη που την καταπίνει σιγά σιγά ο Β' Παγκόσμιος πόλεμος, στην οποία οι ζωές συγκρούονται απρόβλεπτα, το Όλο το φως που δεν μπορούμε να δούμε φωτίζει το πώς, παρά τις αντιξοότητες, οι άνθρωποι προσπαθούν να κάνουν το καλό. Πρόκειται για μια συναρπαστική ιστορία θάρρους και θυσίας και για μια συγκλονιστική ελεγεία της αθωότητας.
650 #0 - SUBJECT ADDED ENTRY--TOPICAL TERM
Topical term or geographic name entry element Αμερικανική λογοτεχνία
9 (RLIN) 10235
942 ## - ADDED ENTRY ELEMENTS (KOHA)
Koha item type Books
Holdings
Τύπος τεκμηρίου Βιβλιοθήκη Τρέχουσα τοποθεσία Barcode Αριθμός εισαγωγής Ημερομηνία απόκτησης Ταξιθετικό σύμβολο Αριθμός αντιτύπου Κατάσταση απόσυρσης Κατάσταση χαμένου Κατάσταση κατεστραμμένου Μη δανεισμός Σύνολο δανεισμών Ημερομηνία τελευταίας εμφάνισης Η τιμή ισχύει από
Books MC Athens Campus Library MC Athens Campus Library 9780000100771 8261 20/01/2026 813 DOE 1           20/01/2026 20/01/2026

MC Athens Campus Library
Πατησίων 94 & Κοδριγκτώνος 13, 104 34
Πελλήνης 8 & Πατησίων 107, 112 51
Τ: +30 210 8899600

MC Thessaloniki Campus Library
Ίωνος Δραγούμη 21, 54625 | Ίωνος Δραγούμη 15, 54625
Τ: +30 2310 287779 – Τ: +30 2314 440300